New sheriff in town for stamp duty cowboys (Record no. 73622)
[ view plain ]
| 000 -LEADER | |
|---|---|
| fixed length control field | 00918cam a2200217 4500 |
| 001 - CONTROL NUMBER | |
| control field | WB3940-15 |
| 008 - FIXED-LENGTH DATA ELEMENTS--GENERAL INFORMATION | |
| fixed length control field | 031022n2003 000 0 eng u |
| 035 ## - SYSTEM CONTROL NUMBER | |
| System control number | (Sirsi) u123969 |
| 245 ## - TITLE STATEMENT | |
| Title | New sheriff in town for stamp duty cowboys |
| 260 ## - PUBLICATION, DISTRIBUTION, ETC. | |
| Date of publication, distribution, etc. | 2003 |
| 490 ## - SERIES STATEMENT | |
| Series statement | Estates Gazette |
| Volume/sequential designation | (0342) 18 October 2003, 30(1) |
| 520 ## - SUMMARY, ETC. | |
| Summary, etc. | Craig Lester the head of stamp taxes at the Inland Revenue warns of a tougher regime for stamp tax avoiders. The Revenue's powers to enquire into any transaction would be extended to stamp tax from 1 December when the regime is replaced by a stamp duty tax. A commercial transaction unit being set up in the Manchester tax office will investigate around 5% of the deals each year. |
| 590 ## - LOCAL NOTE (RLIN) | |
| Local note | WB |
| 650 ## - SUBJECT ADDED ENTRY--TOPICAL TERM | |
| Topical term or geographic name entry element | STAMP DUTY |
| 650 ## - SUBJECT ADDED ENTRY--TOPICAL TERM | |
| Topical term or geographic name entry element | STAMP DUTY LAND TAX |
| 650 ## - SUBJECT ADDED ENTRY--TOPICAL TERM | |
| Topical term or geographic name entry element | TRANSACTIONS |
| 650 ## - SUBJECT ADDED ENTRY--TOPICAL TERM | |
| Topical term or geographic name entry element | PROPERTY DEALS |
| 650 ## - SUBJECT ADDED ENTRY--TOPICAL TERM | |
| Topical term or geographic name entry element | INLAND REVENUE |
| 690 ## - LOCAL SUBJECT ADDED ENTRY--TOPICAL TERM (OCLC, RLIN) | |
| Topical term or geographic name as entry element | TAXATION |
| 942 ## - ADDED ENTRY ELEMENTS (KOHA) | |
| Suppress in OPAC | 0 |
| Withdrawn status | Lost status | Source of classification or shelving scheme | Damaged status | Not for loan | Home library | Current library | Shelving location | Date acquired | Total Checkouts | Full call number | Barcode | Date last seen | Copy number | Price effective from | Koha item type |
|---|---|---|---|---|---|---|---|---|---|---|---|---|---|---|---|
| Dewey Decimal Classification | London | London | News article | 22/10/2003 | WB3940-15 | 123969-1001 | 06/08/2019 | 1 | 06/08/2019 | News article |